Eurovision 2026 - Estadísticas

Estadísticas generales
  • Esta prueba ha sido intentada 6 veces
    4 desde el último reinicio
  • La puntuación promedio es 21 de 25
Estadísticas de respuestas
Puesto Respuesta % Correcto
23 Alemania
100%
4 Australia
100%
24 Austria
100%
1 Bulgaria
100%
11 Francia
100%
10 Grecia
100%
2 Israel
100%
5 Italia
100%
14 Noruega
100%
12 Polonia
100%
25 Reino Unido
100%
3 Rumania
100%
21 Bélgica
75%
19 Chipre
75%
15 Croacia
75%
7 Dinamarca
75%
6 Finlandia
75%
22 Lituania
75%
8 Moldavia
75%
17 Serbia
75%
20 Suecia
75%
13 Albania
50%
18 Malta
50%
16 República Checa
50%
9 Ucrania
50%
No se encontraron pruebas coincidentes
Distribución de puntuación
Porcentaje de gente con cada puntuación
Porcentaje por número respondido
Historial de tus puntuaciones
No has intentado esta prueba desde el último reinicio